Największe wyspy w Filipinach z mapą - Statystyki

Ogólne statystyki
  • Ten quiz został rozwiązany 728 razy
  • Średni wynik to 5 z 11
Odpowiedzi na mapie
Odpowiedzi zakodowano w zielono-czerwonej skali na mapie do tego quizu, zgodnie z poniższymi procentami.
 
Statystyki odpowiedzi
Powierzchnia w km2 Wyspa % Poprawnych
109 965 Luzon
94%
97 530 Mindanao
67%
12 189 Palawan
51%
4 468 Cebu
50%
13 075 Negros
39%
12 011 Panay
31%
3 821 Bohol
30%
7 368 Leyte
30%
10 572 Mindoro
30%
12 849 Samar
29%
3 268 Masbate
22%
Nie znaleziono quizów pasujących do podanych kryteriów
Rozkład punktacji
Procent ludzi z każdym wynikiem
Percentyl według liczby udzielonych odpowiedzi
Twoja historia wyników
Nie rozwiązałeś tego quizu